| LEADER | 01441nam a2200241 4500 | ||
|---|---|---|---|
| 082 | |a 895.92214 |b TR120TH | ||
| 100 | |a Trần Thị Thu Huề | ||
| 245 | |a Vòng thời gian |c Trần Thị Thu Huề |b Thơ | ||
| 260 | |a Huế |b Thuận Hóa |c 2005 | ||
| 300 | |a 76 tr. |c 19 cm | ||
| 520 | |a v.v... | ||
| 653 | |a Văn học hiện đại | ||
| 653 | |a Thế kỷ 20 | ||
| 653 | |a Thế kỷ 21 | ||
| 653 | |a Việt Nam | ||
| 653 | |a Thơ | ||
| 942 | |2 ddc |c STK0 | ||
| 999 | |c 2034 |d 2034 | ||
| 952 | |0 0 |1 0 |2 ddc |4 0 |6 895_922140000000000_TR120TH |7 1 |8 800 |9 29964 |a qbu |b qbu |c D5 |d 2014-12-12 |g 20000 |o 895.92214 TR120TH |p 5079.c1 |r 0000-00-00 |w 2014-12-12 |y STK0 |0 0 |6 895_922140000000000_TR120TH | ||
| 952 | |0 0 |1 0 |2 ddc |4 0 |6 895_922140000000000_TR120TH |7 0 |8 800 |9 29965 |a qbu |b qbu |c D5 |d 2014-12-12 |g 20000 |o 895.92214 TR120TH |p 5079.c2 |r 0000-00-00 |w 2014-12-12 |y STK0 |0 0 |6 895_922140000000000_TR120TH | ||
| 952 | |0 0 |1 0 |2 ddc |4 0 |6 895_922140000000000_TR120TH |7 0 |8 800 |9 29966 |a qbu |b qbu |c D5 |d 2014-12-12 |g 20000 |o 895.92214 TR120TH |p 5079.c3 |r 0000-00-00 |w 2014-12-12 |y STK0 |0 0 |6 895_922140000000000_TR120TH | ||
| 952 | |0 0 |1 0 |2 ddc |4 0 |6 895_922140000000000_TR120TH |7 0 |8 800 |9 29967 |a qbu |b qbu |c D5 |d 2014-12-12 |g 20000 |o 895.92214 TR120TH |p 5079.c4 |r 0000-00-00 |w 2014-12-12 |y STK0 |0 0 |6 895_922140000000000_TR120TH | ||
| 952 | |0 0 |1 0 |2 ddc |4 0 |6 895_922140000000000_TR120TH |7 0 |8 800 |9 29968 |a qbu |b qbu |c D5 |d 2014-12-12 |g 20000 |o 895.92214 TR120TH |p 5079.c5 |r 0000-00-00 |w 2014-12-12 |y STK0 |0 0 |6 895_922140000000000_TR120TH | ||